Statistics for Oil spills and accidents

Click here to take the quiz!

General Stats

  • This quiz has been taken 4 times
  • The average score is 2 of 15

Answer Stats

HintAnswer% Correct
This country has experienced the most and the largest oil spills due to malicious actionKuwait
100%
The Deepwater Horizon spill took place in this body of waterGulf of Mexico
50%
15th February, 1996, this oil tanker ran aground off South WalesSea Empress
50%
24th March, 1989, this oil tanker crashed in Alaskan watersExxon Valdez
25%
The slick caused by the Deepwater Horizon spill was roughly the size of this US stateOklahoma
0%
In 2003 an oil spill occurred in this Massachusetts bayBuzzards Bay
0%
Mingbulak/Fergana oil spill was the worst terrestrial oil spill in Asia, in this countryUzbekistan
0%
Oil spill of Breton coast, largest of its kind in history at that pointAmoco Cadiz
0%
This oil tanker ran aground off Angola, and has not been found since sinkingABT Summer
0%
A small break in an oil pipe caused this largest inland oil spill in US historyKalamazoo River oil spill
0%
Experts believe this oil spill in the Yellow Sea was around 10 times bigger than Chinese officials claimedXingang Port oil spill
0%
Considered Australia's worst oil disasterMontara oil spill
0%
An ongoing oil spill occurred in this Bangladeshi riverSundarbans River
0%
Most recent oil spill (19th May, 2015)Refugio oil spill
0%
This deliberate deep water oil spill, Project Deep Spill, took place in this seaNorwegian Sea
0%

Score Distribution

Percentile by Number Answered

Percent of People with Each Score

Your Score History

You have not taken this quiz